| 000 | 00912nam a22002535i 4500 | ||
|---|---|---|---|
| 001 | 174113 | ||
| 003 | ES-MaACL | ||
| 005 | 20250829120108.0 | ||
| 008 | 100219s1950 cu |||| | spa d | ||
| 080 | _a374 | ||
| 080 | _a37(729.1) | ||
| 100 | 1 |
_aValdés Rodríguez, Manuel. _9142198 |
|
| 245 | 1 | 3 |
_aEl maestro y la educación popular / _cManuel Valdés Rodríguez ; recopilación y prólogo de Dulce Mª Escalona. |
| 260 |
_aLa Habana : _bMinisterio de Educación, Dirección de Cultura, _c1950. |
||
| 300 |
_a396 p. ; _c19 cm. |
||
| 490 | 1 |
_aCuadernos de cultura. Novena serie ; _v1 |
|
| 650 | 7 |
_aEducación popular _2embne _912118 |
|
| 650 | 4 |
_aEducación- _zCuba. _9142199 |
|
| 700 | 1 |
_aEscalona, Dulce Mª. _9142200 |
|
| 710 | 1 |
_aCuba. _bDirección General de Cultura. _9146958 |
|
| 830 | 1 |
_aCuadernos de cultura _v1 _9181245 |
|
| 852 |
_aES-MaACL _jC-57160 |
||
| 999 |
_c174113 _d174113 |
||